[Event "Mitropa Cup (Women) 6th"]
[Site "Rogaska Slatina"]
[Date "2009.05.11"]
[Round "3"]
[White "Novak, Ksenija"]
[Black "Erdos, Boglarka"]
[Result "1-0"]
[WhiteElo "2174"]
[BlackElo "2129"]
[PlyCount "123"]
[EventDate "2009.05.09"]
[EventType "team-tourn"]
[EventRounds "7"]
[EventCountry "SLO"]
[Source "ChessBase"]
[SourceDate "2009.07.02"]
[WhiteTeam "Slovenia (W) II"]
[BlackTeam "Hungary (W)"]
[WhiteTeamCountry "SLO"]
[BlackTeamCountry "HUN"]

1. g3 d5 2. Bg2 c6 3. d3 Nf6 4. Nd2 Bg4 5. h3 Bh5 6. g4 Bg6 7. f4 e6 8. e4 h6
9. Qe2 Be7 10. Ngf3 Na6 11. O-O Qb6+ 12. Kh1 dxe4 13. dxe4 Nc5 14. f5 Bh7 15.
Ne5 Nfd7 16. Nxf7 Kxf7 17. fxe6+ Kxe6 18. Nc4 Qa6 19. Bf4 Nb6 20. b3 Nxc4 21.
bxc4 Bg5 22. Bg3 Rhf8 23. h4 Qa3 24. Bf2 Bf4 25. g5 Be5 26. Qg4+ Kd6 27. Rad1+
Kc7 28. g6 Bg8 29. Bxc5 Qxc5 30. Qd7+ Kb8 31. Rxf8+ Qxf8 32. Qd8+ Qxd8 33.
Rxd8+ Kc7 34. Rxa8 Bxc4 35. Rxa7 Kb6 36. Ra3 Kc5 37. c3 Be2 38. Kg1 Bh5 39. Kf2
Bxg6 40. Bf3 Bf7 41. h5 Be6 42. Ke3 b5 43. Kd2 Kd6 44. Ra7 Bf6 45. a4 bxa4 46.
Rxa4 Be5 47. Be2 Bf4+ 48. Kc2 Be5 49. Bc4 Bg4 50. Bf7 Ke7 51. Bg6 Kd6 52. Ra8
Be2 53. Kb3 Bf1 54. Re8 Bh3 55. Bf5 Bxf5 56. exf5 Kd5 57. c4+ Ke4 58. Rc8 Kxf5
59. Rxc6 Kg4 60. Rc5 Bf4 61. Rd5 Bg5 62. c5 1-0

[Event "Mitropa Cup (Women) 6th"]
[Site "Rogaska Slatina"]
[Date "2009.05.12"]
[Round "4"]
[White "Rozic, Vesna"]
[Black "Franciskovic, Borka"]
[Result "1/2-1/2"]
[WhiteElo "2249"]
[BlackElo "2262"]
[PlyCount "73"]
[EventDate "2009.05.09"]
[EventType "team-tourn"]
[EventRounds "7"]
[EventCountry "SLO"]
[Source "ChessBase"]
[SourceDate "2009.07.02"]
[WhiteTeam "Slovenia (W) II"]
[BlackTeam "Croatia (W)"]
[WhiteTeamCountry "SLO"]
[BlackTeamCountry "CRO"]

1. d4 Nf6 2. Nf3 e6 3. Bf4 b6 4. e3 Bb7 5. Nbd2 Be7 6. h3 O-O 7. Bd3 c5 8. c3
cxd4 9. cxd4 Ba6 10. Bxa6 Nxa6 11. a3 Qc8 12. O-O Qb7 13. Qe2 Rac8 14. Nc4 Ne4
15. Rfc1 Nb8 16. Nfd2 Nxd2 17. Qxd2 d5 18. Ne5 Nd7 19. a4 Nxe5 20. Bxe5 a6 21.
b3 Rxc1+ 22. Rxc1 Rc8 23. Rc3 Qd7 24. Qc2 Rxc3 25. Qxc3 h6 26. Bg3 f6 27. Qc2
Kf7 28. Kh2 Bd6 29. Bxd6 Qxd6+ 30. Kg1 a5 31. g3 f5 32. h4 Qd7 33. Qc3 Kf6 34.
Kg2 Kf7 35. Kg1 Ke7 36. Kg2 Kf7 37. Kg1 1/2-1/2

[Event "Mitropa Cup (Women) 6th"]
[Site "Rogaska Slatina"]
[Date "2009.05.12"]
[Round "4"]
[White "Saric, Kristina"]
[Black "Novak, Ksenija"]
[Result "0-1"]
[WhiteElo "2233"]
[BlackElo "2174"]
[PlyCount "147"]
[EventDate "2009.05.09"]
[EventType "team-tourn"]
[EventRounds "7"]
[EventCountry "SLO"]
[Source "ChessBase"]
[SourceDate "2009.07.02"]
[WhiteTeam "Croatia (W)"]
[BlackTeam "Slovenia (W) II"]
[WhiteTeamCountry "CRO"]
[BlackTeamCountry "SLO"]

1. d4 Nf6 2. c4 g6 3. Nc3 Bg7 4. e4 d6 5. Be2 O-O 6. Bg5 h6 7. Be3 e5 8. d5 c6
9. Qd2 cxd5 10. cxd5 Kh7 11. f3 Ne8 12. Bd3 f5 13. Nge2 f4 14. Bf2 Na6 15. Nc1
b6 16. Be2 Nf6 17. Nd3 Nc5 18. Nb4 Bb7 19. Nc6 Qc8 20. b4 Ncd7 21. Rc1 Bxc6 22.
Nb5 Nb8 23. dxc6 a6 24. Nxd6 Qc7 25. Nc4 Nxc6 26. Nxb6 Rab8 27. Qc3 Rxb6 28.
Bxb6 Qxb6 29. Qxc6 Qxb4+ 30. Qc3 Qb6 31. Qc5 Qb2 32. Qc4 Rd8 33. O-O Rd2 34.
Rfe1 Qxa2 35. Qxa2 Rxa2 36. Rc7 Ne8 37. Re7 Nf6 38. Kf1 h5 39. Rc1 h4 40. Rcc7
Nh5 41. Bc4 Ra1+ 42. Kf2 Kh6 43. Be6 Bf8 44. Rf7 Bb4 45. Rc6 Rb1 46. Bf5 Rb2+
47. Kf1 Rb1+ 48. Ke2 Rb2+ 49. Kd1 Rd2+ 50. Kc1 Rxg2 51. Ra7 Ng7 52. Raxa6 Nxf5
53. exf5 Kg7 54. f6+ Kh6 55. Ra8 Rxh2 56. f7 Kg7 57. f8=Q+ Bxf8 58. Rc7+ Kh6
59. Rxf8 Rf2 60. Rc5 Kg7 61. Ra8 h3 62. Rxe5 Rf1+ 63. Kd2 h2 64. Re7+ Kf6 65.
Rh7 h1=Q 66. Rxh1 Rxh1 67. Ke2 Rh2+ 68. Kd3 Kg5 69. Rf8 Rf2 70. Ke4 Re2+ 71.
Kd4 Re3 72. Ra8 Rxf3 73. Ra5+ Kg4 74. Ke4 0-1

[Event "Mitropa Cup (Women) 6th"]
[Site "Rogaska Slatina"]
[Date "2009.05.12"]
[Round "4"]
[White "Krivec, Jana"]
[Black "Flear, Christine"]
[Result "1-0"]
[WhiteElo "2322"]
[BlackElo "2172"]
[PlyCount "81"]
[EventDate "2009.05.09"]
[EventType "team-tourn"]
[EventRounds "7"]
[EventCountry "SLO"]
[Source "ChessBase"]
[SourceDate "2009.07.02"]
[WhiteTeam "Slovenia (W)"]
[BlackTeam "France (W)"]
[WhiteTeamCountry "SLO"]
[BlackTeamCountry "FRA"]

1. e4 c5 2. Nf3 e6 3. d4 cxd4 4. Nxd4 a6 5. Nc3 Qc7 6. g3 Nf6 7. Bg2 Bb4 8. Bd2
Nc6 9. Nxc6 bxc6 10. O-O Be7 11. Na4 e5 12. c4 c5 13. f4 d6 14. f5 h6 15. h4
Bd7 16. Nc3 Bc6 17. b3 Qb7 18. Qe2 Bd8 19. Rfe1 Be7 20. a3 O-O 21. b4 Rab8 22.
Rab1 cxb4 23. axb4 Qd7 24. Kh1 Rfc8 25. Rec1 Bd8 26. Rd1 Qc7 27. Rdc1 Qd7 28.
Kh2 Bb6 29. g4 Bd4 30. g5 hxg5 31. hxg5 Nh7 32. Qh5 Ba8 33. Ne2 Qa4 34. Nxd4
exd4 35. Qe2 Qe8 36. Qd3 Qe5+ 37. Kg1 g6 38. Rf1 Re8 39. Rbe1 Qe7 40. Qxd4 Nxg5
41. Bc3 1-0

[Event "Mitropa Cup (Women) 6th"]
[Site "Rogaska Slatina"]
[Date "2009.05.12"]
[Round "4"]
[White "Nicoara, Malina"]
[Black "Srebrnic, Ana"]
[Result "1/2-1/2"]
[WhiteElo "2167"]
[BlackElo "2283"]
[PlyCount "58"]
[EventDate "2009.05.09"]
[EventType "team-tourn"]
[EventRounds "7"]
[EventCountry "SLO"]
[Source "ChessBase"]
[SourceDate "2009.07.02"]
[WhiteTeam "France (W)"]
[BlackTeam "Slovenia (W)"]
[WhiteTeamCountry "FRA"]
[BlackTeamCountry "SLO"]

1. d4 Nf6 2. c4 g6 3. Nc3 Bg7 4. e4 d6 5. f3 O-O 6. Nge2 c6 7. Be3 a6 8. a4 a5
9. Qd2 Na6 10. Rd1 Nb4 11. Ng3 h5 12. Bd3 Nd7 13. O-O e5 14. d5 cxd5 15. Nxd5
Nxd5 16. cxd5 Nc5 17. Bxc5 dxc5 18. Qf2 Qd6 19. Bb5 Bh6 20. Ne2 b6 21. Nc3 Bb7
22. g3 h4 23. Qe2 Qf6 24. Kf2 Qg5 25. Rg1 Rad8 26. Qd3 Qh5 27. g4 Qg5 28. h3
Qf6 29. Ne2 Rd6 1/2-1/2

[Event "Mitropa Cup (Women) 6th"]
[Site "Rogaska Slatina"]
[Date "2009.05.12"]
[Round "4"]
[White "Dudas, Eszter"]
[Black "Fuchs, Judith"]
[Result "1/2-1/2"]
[WhiteElo "2140"]
[BlackElo "2238"]
[PlyCount "127"]
[EventDate "2009.05.09"]
[EventType "team-tourn"]
[EventRounds "7"]
[EventCountry "SLO"]
[Source "ChessBase"]
[SourceDate "2009.07.02"]
[WhiteTeam "Hungary (W)"]
[BlackTeam "Germany (W)"]
[WhiteTeamCountry "HUN"]
[BlackTeamCountry "GER"]

1. e4 c5 2. Nf3 Nc6 3. d4 cxd4 4. Nxd4 Nf6 5. Nc3 d6 6. Bc4 Qb6 7. Nb3 e6 8.
Bf4 Ne5 9. Be2 Be7 10. Be3 Qc7 11. f4 Nc4 12. Nb5 Qc6 13. Bxc4 Qxc4 14. Qd3
Qxd3 15. cxd3 Kd7 16. Nxa7 b6 17. Nxc8 Rhxc8 18. Kd2 Bd8 19. h3 Ng8 20. a3 Ne7
21. Rac1 Rxc1 22. Rxc1 Rc8 23. Rxc8 Kxc8 24. Nd4 Kb7 25. g4 Nc6 26. Nf3 f6 27.
f5 exf5 28. gxf5 g6 29. fxg6 hxg6 30. Nh4 g5 31. Nf5 Kc7 32. a4 Kd7 33. Bf2 Ke6
34. Ne3 Ne7 35. Nc4 Nc8 36. b4 d5 37. exd5+ Kxd5 38. b5 Bc7 39. Ke2 Bd8 40. a5
bxa5 41. b6 Ne7 42. Nxa5 Nc6 43. Nc4 f5 44. Kd2 Nb8 45. Bg3 f4 46. Bf2 Nd7 47.
Ke2 Kc6 48. Kf3 Nxb6 49. Ne5+ Kd5 50. Nf7 Bc7 51. Bxb6 Bxb6 52. Nxg5 Ke5 53.
Kg4 Kd4 54. Kxf4 Kxd3 55. h4 Kd4 56. h5 Kd5 57. h6 Bd4 58. Kf5 Kd6 59. Kg6 Ke7
60. Kh7 Kf6 61. Ne4+ Kf7 62. Nd6+ Ke6 63. Nc4 Kf7 64. Nd6+ 1/2-1/2

[Event "Mitropa Cup (Women) 6th"]
[Site "Rogaska Slatina"]
[Date "2009.05.14"]
[Round "5"]
[White "Novak, Ksenija"]
[Black "Schink, Barbara"]
[Result "1-0"]
[WhiteElo "2174"]
[BlackElo "2029"]
[PlyCount "47"]
[EventDate "2009.05.09"]
[EventType "team-tourn"]
[EventRounds "7"]
[EventCountry "SLO"]
[Source "ChessBase"]
[SourceDate "2009.07.02"]
[WhiteTeam "Slovenia (W) II"]
[BlackTeam "Austria (W)"]
[WhiteTeamCountry "SLO"]
[BlackTeamCountry "AUT"]

1. e4 e5 2. Nf3 Nc6 3. Bc4 Bc5 4. O-O Nf6 5. d4 exd4 6. e5 d5 7. exf6 dxc4 8.
fxg7 Rg8 9. Bg5 Qd5 10. Nc3 Qf5 11. Ne4 Be7 12. Bxe7 Kxe7 13. Nxd4 Nxd4 14.
Qxd4 Be6 15. Ng3 Qg5 16. f4 Qd5 17. Qe3 f5 18. Rad1 Qb5 19. Rfe1 Qb6 20. Nxf5+
Kf6 21. Nd4 Rae8 22. Qe5+ Kf7 23. f5 Bc8 24. Qxe8+ 1-0

[Event "Mitropa Cup (Women) 6th"]
[Site "Rogaska Slatina"]
[Date "2009.05.14"]
[Round "5"]
[White "Novkovic, Julia"]
[Black "Rozic, Vesna"]
[Result "1/2-1/2"]
[WhiteElo "2143"]
[BlackElo "2249"]
[PlyCount "35"]
[EventDate "2009.05.09"]
[EventType "team-tourn"]
[EventRounds "7"]
[EventCountry "SLO"]
[Source "ChessBase"]
[SourceDate "2009.07.02"]
[WhiteTeam "Austria (W)"]
[BlackTeam "Slovenia (W) II"]
[WhiteTeamCountry "AUT"]
[BlackTeamCountry "SLO"]

1. e4 e6 2. d4 d5 3. Nd2 c5 4. exd5 Qxd5 5. Ngf3 cxd4 6. Bc4 Qd6 7. Qe2 Nc6 8.
Nb3 a6 9. Bd2 Nf6 10. O-O-O b5 11. Bd3 Bb7 12. Na5 Nxa5 13. Bxa5 Bxf3 14. Qxf3
Rc8 15. Kb1 Be7 16. c3 O-O 17. Bc2 Qd5 18. Qxd5 1/2-1/2

[Event "Mitropa Cup (Women) 6th"]
[Site "Rogaska Slatina"]
[Date "2009.05.14"]
[Round "5"]
[White "Franciskovic, Borka"]
[Black "Ohme, Melanie"]
[Result "1/2-1/2"]
[WhiteElo "2262"]
[BlackElo "2242"]
[PlyCount "41"]
[EventDate "2009.05.09"]
[EventType "team-tourn"]
[EventRounds "7"]
[EventCountry "SLO"]
[Source "ChessBase"]
[SourceDate "2009.07.02"]
[WhiteTeam "Croatia (W)"]
[BlackTeam "Germany (W)"]
[WhiteTeamCountry "CRO"]
[BlackTeamCountry "GER"]

1. c4 Nf6 2. Nc3 g6 3. g3 Bg7 4. Bg2 O-O 5. e4 d6 6. Nge2 c5 7. d3 Nc6 8. O-O
Rb8 9. h3 a6 10. a4 Bd7 11. Be3 Ne8 12. Kh2 Nd4 13. Rb1 b5 14. axb5 Nxe2 15.
Qxe2 axb5 16. Nxb5 Bxb5 17. cxb5 Qa5 18. Qd2 Qxd2 19. Bxd2 Rxb5 20. b4 cxb4 21.
Rxb4 1/2-1/2

[Event "Mitropa Cup (Women) 6th"]
[Site "Rogaska Slatina"]
[Date "2009.05.14"]
[Round "5"]
[White "Fuchs, Judith"]
[Black "Saric, Kristina"]
[Result "1/2-1/2"]
[WhiteElo "2238"]
[BlackElo "2233"]
[PlyCount "55"]
[EventDate "2009.05.09"]
[EventType "team-tourn"]
[EventRounds "7"]
[EventCountry "SLO"]
[Source "ChessBase"]
[SourceDate "2009.07.02"]
[WhiteTeam "Germany (W)"]
[BlackTeam "Croatia (W)"]
[WhiteTeamCountry "GER"]
[BlackTeamCountry "CRO"]

1. e4 c5 2. Nf3 Nc6 3. d4 cxd4 4. Nxd4 Nf6 5. Nc3 d6 6. Bg5 Bd7 7. Qd2 Rc8 8.
Nb3 h6 9. Bxf6 gxf6 10. O-O-O f5 11. Bd3 Bg7 12. exf5 Nb4 13. Ne4 Nd5 14. Rhe1
Kf8 15. g4 Be5 16. Kb1 Bf4 17. Qe2 Bxh2 18. Ng3 Bc6 19. Be4 Bxg3 20. fxg3 Nf6
21. Bxc6 bxc6 22. Rh1 Rg8 23. Rh4 c5 24. Qf3 Qb6 25. Qf4 c4 26. Nd4 Rb8 27. b3
Ke8 28. Qxh6 1/2-1/2

[Event "Mitropa Cup (Women) 6th"]
[Site "Rogaska Slatina"]
[Date "2009.05.14"]
[Round "5"]
[White "Papp, Petra"]
[Black "Krivec, Jana"]
[Result "1/2-1/2"]
[WhiteElo "2141"]
[BlackElo "2322"]
[PlyCount "42"]
[EventDate "2009.05.09"]
[EventType "team-tourn"]
[EventRounds "7"]
[EventCountry "SLO"]
[Source "ChessBase"]
[SourceDate "2009.07.02"]
[WhiteTeam "Hungary (W)"]
[BlackTeam "Slovenia (W)"]
[WhiteTeamCountry "HUN"]
[BlackTeamCountry "SLO"]

1. e4 e5 2. Nf3 d6 3. d4 exd4 4. Nxd4 Nf6 5. Nc3 Be7 6. g3 d5 7. e5 Ng4 8. Bg2
Nxe5 9. Qe2 Nec6 10. Be3 O-O 11. Nxd5 Bb4+ 12. Nxb4 Nxd4 13. Bxd4 Qxd4 14. c3
Qd8 15. Rd1 Nd7 16. O-O c6 17. Rfe1 Qb6 18. Nd3 Nf6 19. Qe3 Be6 20. b3 Qxe3 21.
Rxe3 Rad8 1/2-1/2

[Event "Mitropa Cup (Women) 6th"]
[Site "Rogaska Slatina"]
[Date "2009.05.14"]
[Round "5"]
[White "Srebrnic, Ana"]
[Black "Erdos, Boglarka"]
[Result "1-0"]
[WhiteElo "2283"]
[BlackElo "2129"]
[PlyCount "105"]
[EventDate "2009.05.09"]
[EventType "team-tourn"]
[EventRounds "7"]
[EventCountry "SLO"]
[Source "ChessBase"]
[SourceDate "2009.07.02"]
[WhiteTeam "Slovenia (W)"]
[BlackTeam "Hungary (W)"]
[WhiteTeamCountry "SLO"]
[BlackTeamCountry "HUN"]

1. c4 Nf6 2. Nc3 e6 3. e4 d6 4. d4 Nbd7 5. Nf3 e5 6. d5 Be7 7. Be2 O-O 8. O-O
Nc5 9. Qc2 a5 10. Be3 b6 11. Ne1 Ng4 12. Bxg4 Bxg4 13. Qd2 Bh5 14. f3 h6 15. g4
Bg6 16. Nb5 Bg5 17. Bxg5 hxg5 18. Ng2 f6 19. h4 gxh4 20. Nxh4 Be8 21. Nc3 g5
22. Nf5 Bg6 23. Ng3 Kf7 24. Kg2 Rh8 25. Rh1 Qd7 26. b3 Rag8 27. Rxh8 Rxh8 28.
Rh1 Rxh1 29. Kxh1 Ke8 30. Kg2 Kd8 31. Qc2 Na6 32. a3 Kc8 33. Nb5 Kb7 34. Qc3
Qd8 35. b4 axb4 36. axb4 Qa8 37. Qa3 Be8 38. Nc3 Nb8 39. Qxa8+ Kxa8 40. Nh5 Nd7
41. Ng7 Bg6 42. Ne6 Kb7 43. Nb5 Kc8 44. Nbxc7 Nb8 45. Nb5 Na6 46. Nxd6+ Kd7 47.
Nb5 Bf7 48. c5 Bxe6 49. dxe6+ Kxe6 50. cxb6 Nxb4 51. b7 Nc6 52. Nc7+ Kd7 53.
Na6 1-0

[Event "Mitropa Cup (Women) 6th"]
[Site "Rogaska Slatina"]
[Date "2009.05.15"]
[Round "6"]
[White "Ohme, Melanie"]
[Black "Novkovic, Julia"]
[Result "1-0"]
[WhiteElo "2242"]
[BlackElo "2143"]
[PlyCount "47"]
[EventDate "2009.05.09"]
[EventType "team-tourn"]
[EventRounds "7"]
[EventCountry "SLO"]
[Source "ChessBase"]
[SourceDate "2009.07.02"]
[WhiteTeam "Germany (W)"]
[BlackTeam "Austria (W)"]
[WhiteTeamCountry "GER"]
[BlackTeamCountry "AUT"]

1. e4 e5 2. Bc4 Nf6 3. d3 c6 4. Nf3 d5 5. Bb3 Bb4+ 6. c3 Bd6 7. Qe2 O-O 8. O-O
Nbd7 9. Nbd2 Qe7 10. Re1 dxe4 11. dxe4 Nc5 12. Bc2 a5 13. Nc4 Bc7 14. Bg5 h6
15. Bh4 b5 16. Ne3 g5 17. Nxg5 hxg5 18. Bxg5 Bd8 19. Qf3 Kh8 20. Rad1 Ncd7 21.
Nf5 Qc5 22. Qg3 Nh7 23. Bxd8 Rg8 24. Qh4 1-0

[Event "Mitropa Cup (Women) 6th"]
[Site "Rogaska Slatina"]
[Date "2009.05.15"]
[Round "6"]
[White "Schink, Barbara"]
[Black "Fuchs, Judith"]
[Result "1/2-1/2"]
[WhiteElo "2029"]
[BlackElo "2238"]
[PlyCount "102"]
[EventDate "2009.05.09"]
[EventType "team-tourn"]
[EventRounds "7"]
[EventCountry "SLO"]
[Source "ChessBase"]
[SourceDate "2009.07.02"]
[WhiteTeam "Austria (W)"]
[BlackTeam "Germany (W)"]
[WhiteTeamCountry "AUT"]
[BlackTeamCountry "GER"]

1. d4 Nf6 2. c4 e6 3. Nf3 b6 4. e3 Bb7 5. Bd3 Be7 6. O-O d5 7. Nc3 dxc4 8. Bxc4
O-O 9. Qe2 Nbd7 10. Rd1 Ne4 11. Ne1 Nxc3 12. bxc3 c6 13. e4 Qc7 14. Nf3 Rfe8
15. Ng5 Nf8 16. Rd3 c5 17. Rh3 Bxg5 18. Bxg5 cxd4 19. cxd4 Qd7 20. Rd1 Rac8 21.
Ra3 Bxe4 22. Ba6 Bb7 23. Bb5 Bc6 24. Ba6 Rb8 25. Bf4 Rbd8 26. Bd3 Qd5 27. f3
Ng6 28. Be3 Qd7 29. Qc2 Rc8 30. Qb2 Rc7 31. Rc1 Ba8 32. Rac3 Rec8 33. Bb5 Qd8
34. a4 Bd5 35. Qa3 Rxc3 36. Rxc3 Rc7 37. Qc1 Rxc3 38. Qxc3 Qb8 39. a5 bxa5 40.
Qxa5 h6 41. Bd3 Nf8 42. Qa6 Nd7 43. Qa4 Qc7 44. Qa3 Qb6 45. Bc2 a5 46. Qd3 Nf8
47. Bc1 Qa7 48. Ba3 Qb6 49. Qc3 Bc6 50. Bc5 Qb5 51. Bd3 Qa4 1/2-1/2

[Event "Mitropa Cup (Women) 6th"]
[Site "Rogaska Slatina"]
[Date "2009.05.15"]
[Round "6"]
[White "Papp, Petra"]
[Black "Franciskovic, Borka"]
[Result "1-0"]
[WhiteElo "2141"]
[BlackElo "2262"]
[PlyCount "47"]
[EventDate "2009.05.09"]
[EventType "team-tourn"]
[EventRounds "7"]
[EventCountry "SLO"]
[Source "ChessBase"]
[SourceDate "2009.07.02"]
[WhiteTeam "Hungary (W)"]
[BlackTeam "Croatia (W)"]
[WhiteTeamCountry "HUN"]
[BlackTeamCountry "CRO"]

1. e4 c6 2. d4 d5 3. exd5 cxd5 4. c4 Nf6 5. Nc3 e6 6. Nf3 Bb4 7. cxd5 Nxd5 8.
Qc2 Nc6 9. Bd3 h6 10. O-O O-O 11. a3 Bd6 12. Qe2 Re8 13. Bb1 Nce7 14. Ne5 Nxc3
15. bxc3 Nd5 16. Qh5 Bxe5 17. dxe5 Nxc3 18. Bc2 Kf8 19. Bxh6 Ne2+ 20. Kh1 gxh6
21. Qxh6+ Ke7 22. Rad1 Qc7 23. Qf6+ Kf8 24. Ba4 1-0

[Event "Mitropa Cup (Women) 6th"]
[Site "Rogaska Slatina"]
[Date "2009.05.15"]
[Round "6"]
[White "Saric, Kristina"]
[Black "Dudas, Eszter"]
[Result "0-1"]
[WhiteElo "2233"]
[BlackElo "2140"]
[PlyCount "82"]
[EventDate "2009.05.09"]
[EventType "team-tourn"]
[EventRounds "7"]
[EventCountry "SLO"]
[Source "ChessBase"]
[SourceDate "2009.07.02"]
[WhiteTeam "Croatia (W)"]
[BlackTeam "Hungary (W)"]
[WhiteTeamCountry "CRO"]
[BlackTeamCountry "HUN"]

1. e4 c5 2. Nf3 e6 3. d4 cxd4 4. Nxd4 Nc6 5. Nb5 d6 6. Bf4 e5 7. Be3 Nf6 8.
N1c3 a6 9. Na3 Ng4 10. Nc4 Nxe3 11. Nxe3 Be6 12. Ncd5 b5 13. Bd3 Be7 14. O-O
Bg5 15. a4 b4 16. Nc4 Bxd5 17. exd5 Na5 18. Qg4 Bf6 19. Ne3 Qb6 20. Qf5 Nb7 21.
Rfe1 Be7 22. Nc4 Qc7 23. a5 g6 24. Qh3 Nc5 25. f4 exf4 26. Qh4 Kf8 27. Qxf4 Kg7
28. Rf1 Rhf8 29. Nb6 Rae8 30. Qxb4 Nxd3 31. cxd3 Bf6 32. Rac1 Qe7 33. Kh1 Be5
34. Rc4 Qg5 35. Nd7 Rg8 36. Rc7 Re7 37. Qb7 Bxh2 38. Nf6 Qh4 39. Ne8+ Kh8 40.
Rc4 Bf4+ 41. Kg1 Be3+ 0-1

[Event "Mitropa Cup (Women) 6th"]
[Site "Rogaska Slatina"]
[Date "2009.05.15"]
[Round "6"]
[White "Nicoara, Malina"]
[Black "Novak, Ksenija"]
[Result "1/2-1/2"]
[WhiteElo "2167"]
[BlackElo "2174"]
[PlyCount "47"]
[EventDate "2009.05.09"]
[EventType "team-tourn"]
[EventRounds "7"]
[EventCountry "SLO"]
[Source "ChessBase"]
[SourceDate "2009.07.02"]
[WhiteTeam "France (W)"]
[BlackTeam "Slovenia (W) II"]
[WhiteTeamCountry "FRA"]
[BlackTeamCountry "SLO"]

1. d4 Nf6 2. c4 g6 3. Nc3 Bg7 4. e4 d6 5. f3 O-O 6. Be3 c5 7. dxc5 dxc5 8. Qxd8
Rxd8 9. Bxc5 Nc6 10. Nge2 Nd7 11. Be3 Nde5 12. Nf4 Na5 13. Nfd5 Nexc4 14. Nxe7+
Kh8 15. Ned5 Nxb2 16. Rc1 Be6 17. Be2 h6 18. g4 Nbc4 19. Bc5 b6 20. Be7 Rdc8
21. Bf6 Bxf6 22. Nxf6 a6 23. h4 b5 24. Kf2 1/2-1/2

[Event "Mitropa Cup (Women) 6th"]
[Site "Rogaska Slatina"]
[Date "2009.05.15"]
[Round "6"]
[White "Rozic, Vesna"]
[Black "Flear, Christine"]
[Result "1-0"]
[WhiteElo "2249"]
[BlackElo "2172"]
[PlyCount "81"]
[EventDate "2009.05.09"]
[EventType "team-tourn"]
[EventRounds "7"]
[EventCountry "SLO"]
[Source "ChessBase"]
[SourceDate "2009.07.02"]
[WhiteTeam "Slovenia (W) II"]
[BlackTeam "France (W)"]
[WhiteTeamCountry "SLO"]
[BlackTeamCountry "FRA"]

1. d4 Nf6 2. Nf3 e6 3. Bf4 b6 4. e3 Bb7 5. Nbd2 h6 6. h3 d6 7. c3 Nbd7 8. Bh2
g6 9. Bd3 Bg7 10. O-O O-O 11. e4 Qe7 12. e5 dxe5 13. dxe5 Nh7 14. Be4 Bxe4 15.
Nxe4 Rfd8 16. Qe2 Nc5 17. Nxc5 Qxc5 18. Rad1 Qa5 19. a3 Nf8 20. h4 Qa4 21. Bg3
a5 22. Nh2 Rd7 23. Rxd7 Nxd7 24. Rd1 Nc5 25. Rd4 Qc6 26. Ng4 Re8 27. Qe3 Kh7
28. Qf4 Rf8 29. Nf6+ Kh8 30. b4 axb4 31. axb4 Nb3 32. Rd3 Qb5 33. Rd1 Qe2 34.
Rd7 Qe1+ 35. Kh2 Qxc3 36. h5 g5 37. Qe4 Bxf6 38. exf6 Nd2 39. Qe2 Nb3 40. b5
Nd4 41. Qe5 1-0

[Event "Mitropa Cup (Women) 6th"]
[Site "Rogaska Slatina"]
[Date "2009.05.16"]
[Round "7"]
[White "Dudas, Eszter"]
[Black "Bauer, Marie Christine"]
[Result "0-1"]
[WhiteElo "2140"]
[BlackElo "1871"]
[PlyCount "114"]
[EventDate "2009.05.09"]
[EventType "team-tourn"]
[EventRounds "7"]
[EventCountry "SLO"]
[Source "ChessBase"]
[SourceDate "2009.07.02"]
[WhiteTeam "Hungary (W)"]
[BlackTeam "Austria (W)"]
[WhiteTeamCountry "HUN"]
[BlackTeamCountry "AUT"]

1. e4 e5 2. Nf3 Nf6 3. Nxe5 d6 4. Nf3 Nxe4 5. Nc3 Nxc3 6. dxc3 Be7 7. Be3 Nc6
8. Qd2 Be6 9. O-O-O Qd7 10. Kb1 a6 11. h3 O-O-O 12. Nd4 Nxd4 13. Qxd4 Bf6 14.
Qb4 Qc6 15. Bd3 Rhe8 16. Be4 Bxa2+ 17. Kxa2 Rxe4 18. Qb3 Qa4+ 19. Qxa4 Rxa4+
20. Kb3 Re4 21. Rd3 Rde8 22. Rhd1 b6 23. Ra1 Kb7 24. Rad1 Bh4 25. Rd5 Bf6 26.
Rh5 h6 27. Rhd5 Be5 28. Rf1 Bf4 29. Rf5 Bxe3 30. fxe3 f6 31. R1f4 Rxe3 32. Rg4
R8e7 33. Rff4 d5 34. Rd4 c6 35. Rg6 R3e4 36. Rd3 R4e5 37. h4 Rf7 38. Rf3 Kc7
39. Rg4 Re4 40. Rg6 Kd7 41. Rfg3 Ree7 42. R3g4 h5 43. Rb4 Kc7 44. Ra4 a5 45. c4
Re3+ 46. c3 d4 47. c5 bxc5 48. Rxa5 Kb6 49. Ra1 Rd7 50. Rd1 c4+ 51. Kxc4 d3 52.
Kb3 Kc5 53. g4 Rb7+ 54. Ka2 Re2 55. Ka1 Kc4 56. b4 Ra7+ 57. Kb1 Kb3 0-1

[Event "Mitropa Cup (Women) 6th"]
[Site "Rogaska Slatina"]
[Date "2009.05.16"]
[Round "7"]
[White "Novkovic, Julia"]
[Black "Papp, Petra"]
[Result "0-1"]
[WhiteElo "2143"]
[BlackElo "2141"]
[PlyCount "78"]
[EventDate "2009.05.09"]
[EventType "team-tourn"]
[EventRounds "7"]
[EventCountry "SLO"]
[Source "ChessBase"]
[SourceDate "2009.07.02"]
[WhiteTeam "Austria (W)"]
[BlackTeam "Hungary (W)"]
[WhiteTeamCountry "AUT"]
[BlackTeamCountry "HUN"]

1. e4 c5 2. Nf3 d6 3. d4 cxd4 4. Nxd4 Nf6 5. Nc3 a6 6. Bc4 e6 7. Bb3 b5 8. Bg5
Be7 9. Qf3 Qc7 10. e5 Bb7 11. exd6 Bxd6 12. Qe3 Bc5 13. O-O-O Nc6 14. Qxe6+
fxe6 15. Nxe6 Qe7 16. Rhe1 Qxe6 17. Rxe6+ Ne7 18. Rde1 Bxg2 19. R1e5 Rc8 20. f3
Bh3 21. Rxa6 Bd4 22. Re1 Kf8 23. Nxb5 Bf2 24. Re2 Bf1 25. Rxf2 Bxb5 26. Re6 Rc6
27. Re5 Bc4 28. Ba4 Re6 29. Rc5 Bd5 30. Rc7 Kf7 31. c4 Ba8 32. Bb3 Rd8 33. Rd2
Rxd2 34. Kxd2 Bxf3 35. c5 Ne4+ 36. Ke3 Nxg5+ 37. Kf4 Kf6 38. h4 Re4+ 39. Kg3
Nf5+ 0-1

[Event "Mitropa Cup (Women) 6th"]
[Site "Rogaska Slatina"]
[Date "2009.05.16"]
[Round "7"]
[White "Srebrnic, Ana"]
[Black "Saric, Kristina"]
[Result "1/2-1/2"]
[WhiteElo "2283"]
[BlackElo "2233"]
[PlyCount "22"]
[EventDate "2009.05.09"]
[EventType "team-tourn"]
[EventRounds "7"]
[EventCountry "SLO"]
[Source "ChessBase"]
[SourceDate "2009.07.02"]
[WhiteTeam "Slovenia (W)"]
[BlackTeam "Croatia (W)"]
[WhiteTeamCountry "SLO"]
[BlackTeamCountry "CRO"]

1. Nf3 d5 2. d4 Nf6 3. c4 c6 4. cxd5 cxd5 5. Nc3 Nc6 6. Bf4 a6 7. e3 Bg4 8. Be2
e6 9. O-O Bxf3 10. Bxf3 Bd6 11. Bxd6 Nb8 1/2-1/2

[Event "Mitropa Cup (Women) 6th"]
[Site "Rogaska Slatina"]
[Date "2009.05.16"]
[Round "7"]
[White "Flear, Christine"]
[Black "Ohme, Melanie"]
[Result "1/2-1/2"]
[WhiteElo "2172"]
[BlackElo "2242"]
[PlyCount "55"]
[EventDate "2009.05.09"]
[EventType "team-tourn"]
[EventRounds "7"]
[EventCountry "SLO"]
[Source "ChessBase"]
[SourceDate "2009.07.02"]
[WhiteTeam "France (W)"]
[BlackTeam "Germany (W)"]
[WhiteTeamCountry "FRA"]
[BlackTeamCountry "GER"]

1. d4 Nf6 2. c4 g6 3. Nc3 Bg7 4. Nf3 d6 5. g3 O-O 6. Bg2 Nc6 7. O-O a6 8. h3
Bd7 9. e4 e5 10. Be3 exd4 11. Nxd4 Re8 12. Nxc6 Bxc6 13. Qc2 h5 14. Rac1 Nh7
15. Nd5 Rc8 16. Rfd1 Ng5 17. c5 Ne6 18. cxd6 cxd6 19. Nb6 Rc7 20. Qd2 Qf6 21.
Nc4 Rd7 22. Na5 Nd8 23. Bg5 Qxb2 24. Bxd8 Rexd8 25. Nxc6 bxc6 26. Qxb2 Bxb2 27.
Rxc6 a5 28. a4 1/2-1/2